Religion Quiz

Random Religion Quiz

Bible memory nasb romans 3 21to31 Quiz Stats

 Plays Quiz not verified by Sporcle

Also try: John 3:16
Challenge
Share
Tweet
Embed
Score 0/69 Timer 12:00
0 Plays Today
verse# the words in verse % Correct
27f: N,No,
78.9%
29e: Y,Yes,
76.3%
25d: T F.through faith.
73.7%
26i: F I J.faith in Jesus.
73.7%
28d: B Fby faith
73.7%
30f: T Fthrough faith
68.4%
30d: B Fby faith
68.4%
31c: T F?through faith?
68.4%
22b: T F I J Cthrough faith in Jesus Christ
65.8%
25g: Bbecause
65.8%
31d: M I N B!May it never be!
65.8%
28c: I Jis justified
65.8%
23a: F A H Sfor all have sinned
63.2%
23b: A F S and fall short
63.2%
24c: B H Gby His grace
63.2%
25b: A A Pas a propitiation
63.2%
27g: B B Abut by a
63.2%
27h: L O F.Law of faith.
63.2%
24b: A A Gas a gift
63.2%
23c: O T G O G,of the glory of God,
60.5%
24e: W I I C J;which is in Christ Jesus;
57.9%
26e: S Tso that
57.9%
29c: I H NIs He not
57.9%
31e: O T COn the contrary,
57.9%
29d: T G O G A?the God of Gentiles also?
57.9%
21b: T R O Gthe righteousness of God
55.3%
24a: B Jbeing justified
55.3%
24d: T T Rthrough the redemption
55.3%
25c: I H Bin His blood
55.3%
26g: J A T Jjust and the justifier
55.3%
30c: T Cthe circumcised
55.3%
30e: A T Uand the uncircumcised
55.3%
26b: I S,I say,
55.3%
27e: O W?Of works?
55.3%
29b: T G O J O?the God of Jews only?
55.3%
verse# the words in verse % Correct
25f: H R,His righteousness,
52.6%
26c: O H Rof His righteousness
52.6%
26h: O T O W Hof the one who has
52.6%
27c: B WBy what
52.6%
26f: H W BHe would be
52.6%
31f: W E T Lwe establish the Law.
52.6%
31b: N T Lnullify the Law
52.6%
25i: H P O T SHe passed over the sins
50%
29a: O I GOr is God
50%
31a: D W TDo we then
50%
30g: I O.is one.
50%
21e: B T L A T P,by the Law and the Prophets,
50%
29f: O G A,of Gentiles also,
50%
25a: W G D Pwhom God displayed publicly
47.4%
27b: I I E.It is excluded
47.4%
28b: T A Mthat a man
47.4%
28f: W O T L.works of the Law
47.4%
27d: K O L?kind of law?
47.4%
21a: B N A F T LBut now apart from the Law
44.7%
22a: E T R O Geven the righteousness of God
44.7%
26a: F T D,for the demonstration,
44.7%
26d: A T P Tat the present time,
44.7%
28e: A F apart from
44.7%
25h: I T F O Gin the forbearance of God
44.7%
25j: P C;previously committed;
42.1%
28a: F W MFor we maintain
42.1%
21c: H B M,has been manifested,
39.5%
22d: F T I N D;for there is no distinction;
39.5%
27a: W T I B?Where then is boasting?
39.5%
30a: S I Gsince indeed God
39.5%
21d: B Wbeing witnessed
36.8%
22c: F A T W Bfor all those who believe
36.8%
25e: T W T DThis was to demonstrate
34.2%
30b: W W Jwho will justify
34.2%

You're not logged in!

Compare scores with friends on all Sporcle quizzes.
Join for Free
OR
Log In

You Might Also Like...

Show Comments

Extras

Created Mar 29, 2010SourceReportNominate
Tags:remember, roman

Top Quizzes Today


Score Distribution

Your Account Isn't Verified!

In order to create a playlist on Sporcle, you need to verify the email address you used during registration. Go to your Sporcle Settings to finish the process.

Report this User

Report this user for behavior that violates our Community Guidelines.

Details: